Central Library OPAC University of Rajshahi
Normal view MARC view

Entry Personal Name

Number of records used in: 3

001 - CONTROL NUMBER

  • control field: 2508

003 - CONTROL NUMBER IDENTIFIER

  • control field: BD-RjUL

005 - DATE AND TIME OF LATEST TRANSACTION

  • control field: 20220417160444.0

008 - FIXED-LENGTH DATA ELEMENTS

  • fixed length control field: 220417|| aca||aabn | a|a d

040 ## - CATALOGING SOURCE

  • Original cataloging agency: BD-RjUL
  • Transcribing agency: BD-RjUL

100 ## - HEADING--PERSONAL NAME

  • Fuller form of name:
  • Chronological subdivision:
  • Geographic subdivision:

670 ## - SOURCE DATA FOUND

  • Source citation: Work cat.: (BD-RjUL)79354: Mostof, Md. Golam 1250, Determinants of Induced Abortion and Reproductive health in some selected areas of Rajshahi /, 2007